Highly charged (Record no. 83814)
[ view plain ]
| 000 -LEADER | |
|---|---|
| fixed length control field | 01274cad a22002055a 4500 |
| 001 - CONTROL NUMBER | |
| control field | L155114 |
| 008 - FIXED-LENGTH DATA ELEMENTS--GENERAL INFORMATION | |
| fixed length control field | 120302e2012 xxk 000 0 eng d |
| 035 ## - SYSTEM CONTROL NUMBER | |
| System control number | (Sirsi) u155114 |
| 041 0# - LANGUAGE CODE | |
| Language code of text/sound track or separate title | eng |
| 110 2# - MAIN ENTRY--CORPORATE NAME | |
| Corporate name or jurisdiction name as entry element | London Assembly |
| Subordinate unit | Planning and Housing Committee |
| 9 (RLIN) | 5959 |
| 245 00 - TITLE STATEMENT | |
| Title | Highly charged |
| Remainder of title | Residential leasehold service charges in London |
| Medium | [electronic resource] |
| 260 ## - PUBLICATION, DISTRIBUTION, ETC. | |
| Place of publication, distribution, etc. | London |
| Name of publisher, distributor, etc. | Greater London Authority |
| Date of publication, distribution, etc. | 2012 |
| 520 ## - SUMMARY, ETC. | |
| Summary, etc. | Highlights a range of service charge issues faced by residential leaseholders in London including dispute resolution processes, transparency and level of consultation about how works are procured and charged for. Sets out a series of recommendations including better transparency and a call for Leasehold Valuation Tribunal (LVT) in conjunction with Leasehold Advisory Service (LEASE) to provide an expanded service offering mediation, pre-application advice and assistance as a cost effect method of improving the dispute resolution process. |
| 590 ## - LOCAL NOTE (RLIN) | |
| Local note | KA NTK |
| 651 #4 - SUBJECT ADDED ENTRY--GEOGRAPHIC NAME | |
| Geographic name | LONDON |
| 690 ## - LOCAL SUBJECT ADDED ENTRY--TOPICAL TERM (OCLC, RLIN) | |
| Topical term or geographic name as entry element | Landlord and tenant |
| 9 (RLIN) | 6252 |
| 690 ## - LOCAL SUBJECT ADDED ENTRY--TOPICAL TERM (OCLC, RLIN) | |
| Topical term or geographic name as entry element | Residential property |
| 9 (RLIN) | 6266 |
| 856 40 - ELECTRONIC LOCATION AND ACCESS | |
| Uniform Resource Identifier | <a href="https://www.london.gov.uk/sites/default/files/Highly%20charged%20report%20March%202012.pdf">https://www.london.gov.uk/sites/default/files/Highly%20charged%20report%20March%202012.pdf</a> |
| Public note | View the item free of charge at www.london.gov.uk |
| 942 ## - ADDED ENTRY ELEMENTS (KOHA) | |
| Suppress in OPAC | 0 |
| Withdrawn status | Lost status | Source of classification or shelving scheme | Damaged status | Not for loan | Home library | Current library | Shelving location | Date acquired | Total Checkouts | Full call number | Barcode | Date last seen | Copy number | Price effective from | Koha item type |
|---|---|---|---|---|---|---|---|---|---|---|---|---|---|---|---|
| Dewey Decimal Classification | Virtual | Virtual | Online | 02/03/2012 | ONLINE PUBLICATION | 155114-2001 | 06/08/2019 | 1 | 06/08/2019 | Book |